Landen met de kortste grenzen - Statistieken

Algemene statistieken
  • Deze quiz is 209 keer genomen
  • De gemiddelde score is 12 van 20
Antwoordstatistieken
Km Land % Correct
3 Vaticaanstad
97%
4 Monaco
95%
120 Andorra
92%
76 Liechtenstein
90%
39 San Marino
84%
359 Luxemburg
81%
60 Qatar
63%
381 Brunei
62%
360 Haïti
59%
535 Eswatini
57%
462 Koeweit
54%
238 Zuid-Korea
51%
68 Denemarken
48%
499 Ierland
48%
516 Belize
44%
360 Dominicaanse Republiek
44%
228 Oost-Timor
44%
454 Libanon
32%
499 Verenigd Koninkrijk
32%
528 Djibouti
30%
Geen overeenkomende quizzen gevonden
Scoreverdeling
Procent van Mensen met Elke Score
Percentiel versus Aantal Correcte Antwoorden
Uw Scoregeschiedenis
U heeft deze quiz nog niet genomen